Logo BPK

Biblioteka

Politechniki Koszalińskiej

Ilustrowany atlas historii Polski. (Rekord nr 55486)

Szczegóły MARC
000 -ETYKIETA REKORDU
podpole kontrolne o stałej długości 01149nam a2200325 i 4500
001 - NUMER KONTROLNY REKORDU
pole kontrolne bg
020 ## - MIĘDZYNARODOWY ZNORMALIZOWANY NUMER KSIĄŻKI - ISBN
ISBN 9788374272858 (całość)
020 ## - MIĘDZYNARODOWY ZNORMALIZOWANY NUMER KSIĄŻKI - ISBN
ISBN 9788374272896 (t.4)
040 ## - ŹRÓDŁO KATALOGOWANIA
Instytucja, która utworzyła rekord BPK
041 ## - KOD JĘZYKA
Kod języka tekstu pol
044 ## - KOD KRAJU WYDAWCY/PRODUCENTA
Kod kraju wydawcy/producenta POL
080 ## - UNIWERSALNA KLASYFIKACJA DZIESIĘTNA - UKD
UKD 94(438)(02.025.2)
920 ## - Międzynarodowy znormalizowany numer książki – ISBN
ISBN 978-83-7427-285-8 (całość)
920 ## - Międzynarodowy znormalizowany numer książki – ISBN
ISBN 978-83-7427-289-6 (t. 4)
008 - POLE O STAŁEJ DŁUGOŚCI - DANE KONTROLNE
podpole kontrolne o stałej długości s pl f |000 0 pol
245 10 - TYTUŁ/ODPOWIEDZIALNOŚĆ
Tytuł Ilustrowany atlas historii Polski.
Oznaczenie części/sekcji dzieła T. 4,
Tytuł części/sekcji dzieła II Rzeczpospolita /
Pozostałe elementy strefy tytułu i oznaczenia odpowiedzialności [red. atlasu Witold Sienkiewicz, Elżbieta Olczak ; oprac. tekstów do map Anna Pituch-Sawicka, Witold Sienkiewicz, Julia Tazbir ; oprac graf. i komputerowe map Kamila Kuna et al.].
246 3# - WARIANT TYTUŁU
Tytuł Druga Rzeczpospolita
260 ## - STREFA ADRESU WYDAWNICZEGO
Miejsce wydania Warszawa :
Nazwa wydawcy/dystrybutora Demart,
Data publikacji, dystrybucji/powstania dokumentu 2007.
300 ## - STREFA OPISU FIZYCZNEGO
Objętość 1 atlas (104 s.) :
Inne cechy fizyczne il. (gł. kolor.) ;
Rozmiary 31 cm.
650 #9 - HASŁO PRZEDMIOTOWE W FORMIE NAZWY OGÓLNEJ LUB JEDNOSTKOWEJ
Nazwa ogólna lub geograficzna Historia
651 #9 - HASŁO PRZEDMIOTOWE W FORMIE NAZWY GEOGRAFICZNEJ
Nazwa geograficzna Polska
Określnik ogólny historia
655 ## - TERMIN INDEKSOWY - OKREŚLENIE RODZAJU/FORMY DOKUMENTU
Określenie rodzaju/formy dokumentu Wydawnictwa popularne
655 ## - TERMIN INDEKSOWY - OKREŚLENIE RODZAJU/FORMY DOKUMENTU
Określenie rodzaju/formy dokumentu Mapy
700 1# - HASŁO DODATKOWE - NAZWA OSOBOWA
Nazwa osobowa Sienkiewicz, Witold
Daty związane z nazwą (1953- ).
Określenie związku między hasłem a opisywanym materiałem Red.
700 1# - HASŁO DODATKOWE - NAZWA OSOBOWA
Nazwa osobowa Olczak, Elżbieta.
Określenie związku między hasłem a opisywanym materiałem Red.
700 1# - HASŁO DODATKOWE - NAZWA OSOBOWA
Nazwa osobowa Pituch-Sawicka, Anna.
Określenie związku między hasłem a opisywanym materiałem Aut. tekstu
700 1# - HASŁO DODATKOWE - NAZWA OSOBOWA
Nazwa osobowa Tazbir, Julia.
Określenie związku między hasłem a opisywanym materiałem Aut. tekstu
700 1# - HASŁO DODATKOWE - NAZWA OSOBOWA
Nazwa osobowa Kuna, Kamila.
Określenie związku między hasłem a opisywanym materiałem Red.
856 ## - LOKALIZACJA I DOSTĘP DO ELEKTRONICZNYCH DOKUMENTÓW ZDALNYCH
Link (URL) http://koha.tu.koszalin.pl/cgi-bin/koha/opac-detail.pl?biblionumber=55486
Tekst linku Katalog online BPK
942 ## - DODATKOWE ELEMENTY (KOHA)
Typ dokumentu Książka
Egzemplarze
Wycofany Status egzemplarza Uszkodzony Dostępność Lokalizacja stała Lokalizacja bieżąca Miejsce przechowywania Sygnatura Kod kreskowy Typ dokumentu
      Tylko na miejscu Biblioteka Politechniki Koszalińskiej Biblioteka Politechniki Koszalińskiej Czytelnia Wydziałowa ul. Kwiatkowskiego 6e 88730 02446509 Książka
© 2023 Biblioteka Politechniki Koszalińskiej :: KOHA